[Event "URU-ch U20/Girls"]
[Site "Nueva Helvecia"]
[Date "2018.04.22"]
[Round "4"]
[White "Siri, Lorenzo"]
[Black "Cucchi, Leonardo"]
[Result "0-1"]
[WhiteElo "1082"]
[BlackElo "1252"]
[PlyCount "82"]
[EventDate "2018.04.21"]
[EventType "swiss"]
[EventRounds "6"]
[EventCountry "URU"]
[SourceTitle "CBM 184 Extra"]
[Source "ChessBase"]
[SourceDate "2018.06.28"]
[SourceVersion "1"]
[SourceVersionDate "2018.06.28"]
[SourceQuality "1"]

1. c4 e6 2. b3 d5 3. g3 Nf6 4. Bg2 c5 5. e3 Nc6 6. Ne2 Be7 7. 0-0 0-0 8. Bb2 Re8 9. Nbc3 d4 10. Ne4 e5 11. Qb1 Bg4 12. Qd3 Nb4 13. Qb1 Bxe2 14. Nxf6+ Bxf6 15. Re1 Bd3 16. Qd1 Nc2 17. Qg4 Nxe1 18. Rxe1 Bg6 19. Bxb7 Rb8 20. Bc6 Re7 21. Bg2 Qd7 22. Qxd7 Rxd7 23. Bh3 Rdd8 24. Ba3 dxe3 25. fxe3 Rxd2 26. Bxc5 Rxa2 27. b4 a6 28. Bd6 Rd8 29. c5 Be4 30. Rc1 Bc6 31. Bg2 Rxg2+ 32. Kf1 Rb2 33. Rc4 Bb5 34. Ke1 Bxc4 35. e4 Rxb4 36. c6 Rxd6 37. c7 Rc6 38. c8Q+ Rxc8 39. h4 Rb2 40. Kd1 Bb3+ 41. Ke1 Rc1# 0-1

[Event "Montevideo Duchamp Cup 2nd"]
[Site "Montevideo"]
[Date "2018.02.08"]
[Round "9"]
[White "Roselli, Federico"]
[Black "Cucchi, Leonardo"]
[Result "0-1"]
[WhiteElo "1169"]
[BlackElo "1252"]
[PlyCount "88"]
[EventDate "2018.02.02"]
[EventType "swiss"]
[EventRounds "9"]
[EventCountry "URU"]
[SourceTitle "CBM 182 Extra"]
[Source "ChessBase"]
[SourceDate "2018.02.23"]
[SourceVersion "1"]
[SourceVersionDate "2018.02.23"]
[SourceQuality "1"]

1. e4 e5 2. Nf3 Nc6 3. Bc4 Bc5 4. d3 Nf6 5. Be3 Bb6 6. Nc3 d6 7. Qe2 Na5 8. d4 Ng4 9. h3 Nxe3 10. fxe3 0-0 11. 0-0-0 Nxc4 12. Qxc4 a5 13. g4 a4 14. g5 Be6 15. Qe2 a3 16. b3 Ba5 17. Nb1 Qe7 18. h4 d5 19. exd5 Bxd5 20. dxe5 Bxf3 21. Qxf3 Qxe5 22. Rd4 Bb6 23. Qf4 Bxd4 24. Qxd4 Rfe8 25. Qxe5 Rxe5 26. Re1 Rae8 27. Kd2 Re4 28. Nxa3 Rxh4 29. Rg1 Rhe4 30. Nc4 Kf8 31. Rh1 f6 32. gxf6 gxf6 33. Rxh7 b5 34. Rh8+ Kg7 35. Rxe8 Rxe8 36. Na3 b4 37. Nb5 c6 38. Nc7 Rc8 39. Na6 c5 40. Kd3 f5 41. Kc4 Re8 42. Nxc5 Rxe3 43. Kxb4 f4 44. Nd3 Rxd3 0-1

[Event "Montevideo Duchamp Cup 2nd"]
[Site "Montevideo"]
[Date "2018.02.06"]
[Round "7"]
[White "Rouiller, Cristopher"]
[Black "Cucchi, Leonardo"]
[Result "1-0"]
[WhiteElo "1624"]
[BlackElo "1252"]
[PlyCount "53"]
[EventDate "2018.02.02"]
[EventType "swiss"]
[EventRounds "9"]
[EventCountry "URU"]
[SourceTitle "CBM 182 Extra"]
[Source "ChessBase"]
[SourceDate "2018.02.23"]
[SourceVersion "1"]
[SourceVersionDate "2018.02.23"]
[SourceQuality "1"]

1. d4 d5 2. Bf4 e6 3. e3 c5 4. c3 Nc6 5. Nd2 Nf6 6. a3 Be7 7. Bd3 0-0 8. h3 Re8 9. Ngf3 Bd6 10. Ne5 Qc7 11. Ndf3 Ne4 12. Nxc6 Bxf4 13. exf4 Qxc6 14. Ne5 Qd6 15. Qh5 g6 16. Qh4 Qe7 17. Qxe7 Rxe7 18. Bxe4 dxe4 19. dxc5 Bd7 20. Rd1 Ba4 21. Rd4 Bc6 22. Nxc6 bxc6 23. Ke2 Rb7 24. Rb1 Rab8 25. b4 f5 26. Rd6 Kf7 27. Rxc6 1-0

[Event "Montevideo Duchamp Cup 2nd"]
[Site "Montevideo"]
[Date "2018.02.04"]
[Round "4"]
[White "Maestro, Esteban"]
[Black "Cucchi, Leonardo"]
[Result "1-0"]
[WhiteElo "1470"]
[BlackElo "1252"]
[PlyCount "57"]
[EventDate "2018.02.02"]
[EventType "swiss"]
[EventRounds "9"]
[EventCountry "URU"]
[SourceTitle "CBM 182 Extra"]
[Source "ChessBase"]
[SourceDate "2018.02.23"]
[SourceVersion "1"]
[SourceVersionDate "2018.02.23"]
[SourceQuality "1"]

1. e4 e5 2. Nf3 Nc6 3. Bc4 Bc5 4. c3 Nf6 5. d3 0-0 6. b4 Bb6 7. a4 a6 8. 0-0 d6 9. Nbd2 Re8 10. Re1 Ng4 11. Re2 Nf6 12. Nf1 Nh5 13. Bg5 Qd7 14. Ne3 h6 15. Bh4 Nf4 16. Re1 Ne7 17. d4 Neg6 18. Nd5 Qg4 19. Bg3 Ba7 20. Nxc7 Bd7 21. Nxa8 Rxa8 22. Be2 Nxe2+ 23. Rxe2 Nf4 24. Bxf4 Qxf4 25. Qd2 Qxd2 26. Rxd2 Rc8 27. dxe5 Rxc3 28. exd6 Bxa4 29. d7 1-0

[Event "Montevideo Duchamp Cup 2nd"]
[Site "Montevideo"]
[Date "2018.02.03"]
[Round "2"]
[White "Cucchi, Leonardo"]
[Black "De Cuadro, Dionisio"]
[Result "0-1"]
[WhiteElo "1252"]
[BlackElo "1665"]
[PlyCount "64"]
[EventDate "2018.02.02"]
[EventType "swiss"]
[EventRounds "9"]
[EventCountry "URU"]
[SourceTitle "CBM 182 Extra"]
[Source "ChessBase"]
[SourceDate "2018.02.23"]
[SourceVersion "1"]
[SourceVersionDate "2018.02.23"]
[SourceQuality "1"]

1. e4 c5 2. Nf3 d6 3. d4 cxd4 4. Nxd4 Nf6 5. Nc3 a6 6. Be2 Nbd7 7. Be3 Nc5 8. Bf3 e5 9. Nb3 Nxb3 10. axb3 Be7 11. 0-0 Be6 12. Be2 0-0 13. f4 exf4 14. Bxf4 d5 15. e5 Qb6+ 16. Kh1 Ne4 17. Nxe4 dxe4 18. Qe1 Rac8 19. Qg3 Kh8 20. c4 Rfd8 21. Rad1 Rxd1 22. Rxd1 Rd8 23. Rxd8+ Qxd8 24. h3 Qd4 25. Be3 Qxb2 26. Qf4 Qxe2 27. Qxe4 Qd1+ 28. Kh2 Qxb3 29. Qf3 Bxc4 30. Qf2 Qd3 31. Bc5 Bxc5 32. Qxc5 h6 0-1

[Event "URU-chTB"]
[Site "Uruguay"]
[Date "2017.07.08"]
[Round "3.1"]
[White "Cucchi, Leonardo"]
[Black "Decia, Joaquin"]
[Result "0-1"]
[WhiteElo "1364"]
[BlackElo "1358"]
[PlyCount "112"]
[EventDate "2017.07.07"]
[EventType "team-swiss"]
[EventRounds "5"]
[EventCountry "URU"]
[SourceTitle "EXT 2018"]
[Source "ChessBase"]
[SourceDate "2017.10.13"]
[SourceVersion "1"]
[SourceVersionDate "2017.10.13"]
[SourceQuality "1"]
[WhiteTeam "CBR Juvenil"]
[BlackTeam "La Proa  J II"]
[WhiteTeamCountry "URU"]
[BlackTeamCountry "URU"]

1. e4 e5 2. Nf3 Nc6 3. d4 exd4 4. Nxd4 Nxd4 5. Qxd4 Nf6 6. Nc3 d6 7. Bg5 Be7 8. Bc4 0-0 9. 0-0 Be6 10. Bb3 Bxb3 11. axb3 a6 12. Qe3 Qd7 13. Qg3 Kh8 14. Rad1 h6 15. Be3 Qg4 16. Qxg4 Nxg4 17. Nd5 Nxe3 18. fxe3 Bg5 19. Rde1 c6 20. Nc3 Rae8 21. Rf3 Bf6 22. Rd1 Re6 23. Kh1 Kg8 24. Kg1 Rd8 25. Rf4 g5 26. Rg4 h5 27. Rg3 g4 28. h3 Be5 29. Kh2 Bxg3+ 30. Kxg3 gxh3 31. gxh3 b5 32. Kf3 b4 33. Ne2 d5 34. exd5 Rxd5 35. Rg1+ Kh7 36. Nf4 Rf6 37. Ke2 Rc5 38. c4 bxc3 39. bxc3 Rxc3 40. Nxh5 Rg6 41. Rxg6 fxg6 42. Nf6+ Kg7 43. Ne8+ Kh6 44. Nf6 Rxb3 45. Kf1 Rb2 46. Ke1 a5 47. Kd1 a4 48. Kc1 Rb4 49. Nd7 a3 50. Nc5 a2 51. Nd3 a1Q+ 52. Kc2 Rc4+ 53. Kb3 Qc3+ 54. Ka2 Qxd3 55. h4 Rc2+ 56. Ka1 Qd1# 0-1

[Event "URU-chTB"]
[Site "Uruguay"]
[Date "2017.07.08"]
[Round "2.1"]
[White "Perez, Jose Luis"]
[Black "Cucchi, Leonardo"]
[Result "1-0"]
[WhiteElo "1608"]
[BlackElo "1364"]
[PlyCount "67"]
[EventDate "2017.07.07"]
[EventType "team-swiss"]
[EventRounds "5"]
[EventCountry "URU"]
[SourceTitle "EXT 2018"]
[Source "ChessBase"]
[SourceDate "2017.10.13"]
[SourceVersion "1"]
[SourceVersionDate "2017.10.13"]
[SourceQuality "1"]
[WhiteTeam "CBR III"]
[BlackTeam "CBR Juvenil"]
[WhiteTeamCountry "URU"]
[BlackTeamCountry "URU"]

1. d4 d5 2. Bf4 Nf6 3. e3 Bf5 4. Nf3 e6 5. Bd3 Bg6 6. h3 Be7 7. 0-0 0-0 8. Ne5 c5 9. Nxg6 fxg6 10. c4 Ne4 11. Qb3 b6 12. cxd5 exd5 13. Bxe4 Na6 14. Bxd5+ Kh8 15. Bxa8 Qxa8 16. d5 Qe8 17. Nc3 Nb4 18. Rad1 Qd7 19. a3 Na6 20. d6 Bf6 21. Bh2 Rd8 22. e4 Bd4 23. e5 Qf5 24. Rde1 Nb8 25. e6 Qf6 26. e7 Re8 27. Nb5 Nd7 28. Nc7 Rc8 29. e8Q+ Rxe8 30. Rxe8+ Nf8 31. d7 Be5 32. Bxe5 Qf7 33. Qxf7 h6 34. Qxg7# 1-0

[Event "Montevideo Trebejos Autumn op"]
[Site "Montevideo"]
[Date "2017.04.26"]
[Round "2"]
[White "Ibanez, Marcelo"]
[Black "Cucchi, Leonardo"]
[Result "1-0"]
[WhiteElo "2019"]
[BlackElo "1372"]
[PlyCount "43"]
[EventDate "2017.04.24"]
[EventType "swiss"]
[EventRounds "7"]
[EventCountry "URU"]
[SourceTitle "CBM 178 Extra"]
[Source "ChessBase"]
[SourceDate "2017.06.22"]
[SourceVersion "1"]
[SourceVersionDate "2017.06.22"]
[SourceQuality "1"]

1. d4 d5 2. Bf4 e6 3. Nf3 c5 4. e3 Nc6 5. c3 Nf6 6. Bd3 Be7 7. Nbd2 0-0 8. h4 h6 9. Ne5 Nxe5 10. dxe5 Ne4 11. Bxe4 dxe4 12. Nxe4 Qb6 13. Qc2 Qc6 14. 0-0-0 a5 15. g4 b5 16. g5 h5 17. Rhg1 g6 18. Nf6+ Bxf6 19. gxf6 b4 20. Rxg6+ fxg6 21. Qxg6+ Kh8 22. Qg7# 1-0